000 01135pam a2200325 a 4500
005 20260322212007.0
008 data
010 _a 98046142
020 _a0736801774
020 _a9780736801775
040 _aDLC
_cDLC
_dDLC
042 _alcac
050 0 0 _aHD1379
_b.Q56 1999
082 0 0 _a333.33/023/73
_221
092 _a333.33 Qui 1999
100 1 _aQuinlan, Kathryn A.
245 1 0 _aReal estate sales agent /
_cKathryn A. Quinlan & Jean Wussow.
260 _aMankato, Minn :
_bCapstone High/Low Books,
_cc1999.
300 _a48 p. :
_bill. ;
_c23 cm.
490 1 _aCareers without college
504 _aIncludes bibliographical references (p. 44) and index.
520 _aDescribes the education and training requirements, duties, salary, employment outlook, and possible future positions of real estate agents.
650 0 _aReal estate business
_xJuvenile literature.
_xJuvenile literature.
650 0 _aReal estate agents
_xJuvenile literature.
650 1 _aReal estate agents.
650 1 _aVocational guidance.
700 1 _aWussow, Jean.
830 0 _aCareers without college (Mankato, Minn.)
001 data
999 _c137
_d137